[Event "RUS Central Region-chT"]
[Site "Lipetsk"]
[Date "2017.12.06"]
[Round "6.3"]
[White "Makovich, Andrey"]
[Black "Kiselev, Vladislav"]
[Result "1/2-1/2"]
[WhiteElo "2153"]
[BlackElo "2039"]
[PlyCount "82"]
[EventDate "2017.12.03"]
[EventType "team-swiss"]
[EventRounds "7"]
[EventCountry "RUS"]
[SourceTitle "CBM 182 Extra"]
[Source "ChessBase"]
[SourceDate "2018.02.23"]
[SourceVersion "1"]
[SourceVersionDate "2018.02.23"]
[SourceQuality "1"]
[WhiteTeam "SDU SOR Region "]
[BlackTeam "Tula Region"]
[WhiteTeamCountry "RUS"]
[BlackTeamCountry "RUS"]

1. d4 d5 2. Nf3 Nf6 3. c4 c6 4. Nbd2 Bg4 5. e3 e6 6. Be2 Nbd7 7. b3 Bd6 8. Bb2 Bxf3 9. Nxf3 Ne4 10. 0-0 0-0 11. Nd2 Nxd2 12. Qxd2 f5 13. f4 Kh8 14. g4 Qh4 15. Qe1 Qxe1 16. Raxe1 Nf6 17. g5 Ne4 18. Bd3 g6 19. Bxe4 fxe4 20. h4 Kg7 21. Kg2 Rh8 22. Rh1 h5 23. gxh6+ Rxh6 24. Rh3 Rah8 25. Reh1 Rh5 26. Bc3 b5 27. c5 Bc7 28. a4 b4 29. Be1 a5 30. Rg3 Bd8 31. Rg4 Bf6 32. Kh3 Kf7 33. Rhg1 Rg8 34. Bg3 Bd8 35. Rg5 Rg7 36. Bh2 Rh6 37. Bg3 Rg8 38. Rg2 Rg7 39. Kg4 Rgh7 40. Kh3 Rg7 41. Kg4 Rgh7 1/2-1/2

[Event "Voronezh op-B 20th"]
[Site "Voronezh"]
[Date "2016.06.21"]
[Round "9"]
[White "Kiselev, Vladislav"]
[Black "Shilnikov, Igor S"]
[Result "1-0"]
[WhiteElo "1741"]
[BlackElo "1866"]
[PlyCount "103"]
[EventDate "2016.06.12"]
[EventType "swiss"]
[EventRounds "9"]
[EventCountry "RUS"]
[SourceTitle "EXT 2017"]
[Source "ChessBase"]
[SourceDate "2016.10.25"]
[SourceVersion "1"]
[SourceVersionDate "2016.10.25"]
[SourceQuality "1"]

1. e4 e5 2. Nf3 Nc6 3. Bb5 g6 4. 0-0 Bg7 5. c3 a6 6. Ba4 d6 7. h3 Bd7 8. Re1 Nge7 9. d3 0-0 10. Nbd2 h6 11. Nf1 Kh7 12. Ng3 Qe8 13. Bc2 f6 14. Be3 Nd8 15. d4 b6 16. Qd2 Nf7 17. Nh2 Rd8 18. Rf1 g5 19. d5 Ng6 20. Bd3 Bc8 21. f3 Nf4 22. Ne2 Nh8 23. Nxf4 gxf4 24. Bf2 Qh5 25. Qe2 a5 26. b4 axb4 27. cxb4 Rf7 28. a4 Rg8 29. Kh1 f5 30. a5 bxa5 31. bxa5 fxe4 32. Bxe4+ Bf5 33. a6 Bf6 34. a7 Rff8 35. Rfc1 Ng6 36. Rxc7+ Kh8 37. Bxf5 Qxf5 38. Ng4 Bg7 39. Rb7 e4 40. Rab1 e3 41. Be1 h5 42. Nh2 Bd4 43. Qc4 Bc5 44. Ra1 Ne5 45. Qb5 Qg6 46. Qb2 Ra8 47. Bc3 Qf5 48. Bd4 Rgc8 49. Bxc5 Rxc5 50. Rb8+ Rc8 51. Qb7 Qc2 52. Rxa8 1-0

[Event "Voronezh op-B 20th"]
[Site "Voronezh"]
[Date "2016.06.14"]
[Round "3"]
[White "Kiselev, Vladislav"]
[Black "Mukhtarova, Viktoriya"]
[Result "1/2-1/2"]
[WhiteElo "1741"]
[BlackElo "1998"]
[PlyCount "81"]
[EventDate "2016.06.12"]
[EventType "swiss"]
[EventRounds "9"]
[EventCountry "RUS"]
[SourceTitle "EXT 2017"]
[Source "ChessBase"]
[SourceDate "2016.10.25"]
[SourceVersion "1"]
[SourceVersionDate "2016.10.25"]
[SourceQuality "1"]

1. e4 c5 2. Nf3 Nc6 3. d4 cxd4 4. Nxd4 g6 5. c4 Bg7 6. Be3 Nf6 7. Nc3 0-0 8. Be2 Nxd4 9. Bxd4 d6 10. 0-0 Nd7 11. Bxg7 Kxg7 12. Qd4+ Kg8 13. Nd5 a5 14. f4 b6 15. Bg4 Rb8 16. Bxd7 Bxd7 17. Rae1 Bc6 18. f5 Bxd5 19. exd5 b5 20. b3 bxc4 21. bxc4 Qc7 22. fxg6 fxg6 23. Kh1 Rbc8 24. Rxf8+ Rxf8 25. h3 Rc8 26. Rc1 Rf8 27. Re1 Rf6 28. g4 Qd7 29. Kg2 Rf7 30. Rb1 Rf8 31. Rb5 Qc7 32. Qc3 Qa7 33. c5 dxc5 34. Rxc5 Qb6 35. Qc2 Qb4 36. Rc8 Rxc8 37. Qxc8+ Kg7 38. Qe6 Qd2+ 39. Kg3 Qc3+ 40. Kf4 Qd4+ 41. Kg3 1/2-1/2